Discographie de Blur (1991-2023) - Statistiques

Statistiques générales
  • Ce quiz a été pris 43 fois
  • Le résultat moyen est 32 sur 119
Statistiques - réponses
Réponse % Correct
Song 2
90%
Girls & Boys
87%
Parklife
83%
Coffee & TV
73%
The Universal
70%
Beetlebum
67%
Charmless Man
67%
Country House
67%
For Tomorrow
63%
To the End
60%
Tender
57%
There's No Other Way
57%
The Ballad
50%
The Narcissist
50%
She's So High
47%
End of a Century
43%
Stereotypes
43%
Chemical World
40%
Tracy Jacks
40%
Blue Jeans
37%
Death of.a Party
37%
Good Song
37%
Sing
37%
This Is a Low
37%
Barbaric
33%
M.O.R.
33%
Sweet Song
33%
Bang
30%
Bank Holiday
30%
Birthday
30%
Clover Over Dover
30%
London Loves
30%
No Distance Left to Run
30%
Out of Time
30%
St. Charles Square
30%
Sunday Sunday
30%
You're so Great
30%
Yuko and Hiro
30%
Advert
27%
Ambulance
27%
Bugman
27%
Colin Zeal
27%
Entertain Me
27%
Ghost Ship
27%
It Could Be You
27%
Wear Me Down
27%
Chinese Bombs
23%
Country Sad Ballad Man
23%
Essex Dogs
23%
Globe Alone
23%
Jets
23%
Lonesome Street
23%
Miss America
23%
My Terracotta Heart
23%
Pressure on Julian
23%
Swamp Song
23%
Top Man
23%
Battery in Your Leg
20%
Battle
20%
Best Days
20%
B.L.U.R.E.M.I
20%
Brothers and Sisters
20%
Caramel
20%
Come Together
20%
Dan Abnormal
20%
Ernold Same
20%
Fade Away
20%
Ice Cream Man
20%
Magic America
20%
Oily Water
20%
Ong Ong
20%
On Your Own
20%
Star Shaped
20%
The Everglades (For Leonard)
20%
Villa Rosie
20%
1992
17%
Badhead
17%
Coping
17%
Crazy Beat
17%
He Thought of Cars
17%
Lot 105
17%
Pyongyang
17%
Russian Strings
17%
Strange News from Another Star
17%
The Heights
17%
There Are Too Many of Us
17%
Trailerpark
17%
Bad Day
13%
Caravan
13%
Far Out
13%
Fool
13%
Go Out
13%
High Cool
13%
I'm Just a Killer for Your Love
13%
Jubilee
13%
Look Inside America
13%
Mirrorball
13%
Moroccan Peoples Revolutionary Bowls Club
13%
Movin' On
13%
Mr Robinson's Quango
13%
On the Way to the Club
13%
Repetition
13%
The Debt Collector
13%
Thought I Was a Spaceman
13%
Trouble in the Message Centre
13%
We've Got a File on You
13%
Avalon
10%
Gene by Gene
10%
Goodbye Albert
10%
Mellow Song
10%
New World Towers
10%
Resigned
10%
Slow Down
10%
Trimm Trabb
10%
Turn It Up
10%
Far Away Island
7%
I Broadcast
7%
Optigan I
3%
Theme from Retro
3%
Aucun quiz correspondant
Distribution des résultats
% des personnes avec chaque résultat
Percentile par nombre de réponses
Votre historique - résultats
Vous n’avez pas pris ce quiz